00606 a2200169 4500020001500000040001300015082001300028100002400041245007600065250001200141260003600153300003800189500007800227650002900305650005900334650004300393 a0070447055 aDLCbDLC a621.38221 aMitra, Sanjit Kumar00aDigital signal processing : a computer-based approach cSanjit K. Mitra a2nd ed. aNew Delhi :bMcGraw-Hill,c2006 axviii, 866 p. :bill. +e1 CD-ROM aIncludes CD-ROM with MATLAB files, examples and more (ISBN 0-07-304386-9) 7aDigital signalbehandling 7aSignal processingxDigital techniquesxData processing 7aSignal processing - Digital techniques